Mandalas and yantras in the Hindu traditions / (Record no. 9957)

MARC details
000 -LEADER
fixed length control field 00817 a2200229 4500
010 ## - LIBRARY OF CONGRESS CONTROL NUMBER
LC control number ENG-89083
020 ## - INTERNATIONAL STANDARD BOOK NUMBER
International Standard Book Number 8124603979
Terms of availability 800.00
035 14 - SYSTEM CONTROL NUMBER
System control number EN-72616
037 1# - SOURCE OF ACQUISITION
Source of stock number/acquisition DBAD / PUB
082 14 - DEWEY DECIMAL CLASSIFICATION NUMBER
Classification number 230.64
090 ## - LOCALLY ASSIGNED LC-TYPE CALL NUMBER (OCLC); LOCAL CALL NUMBER (OCLC)
-- 10197
-- 10197
100 ## - MAIN ENTRY--PERSONAL NAME
Personal name Buhnemann, Gudrun
245 1# - TITLE STATEMENT
Title Mandalas and yantras in the Hindu traditions /
Statement of responsibility, etc by Gudrun Buhnemann
250 ## - EDITION STATEMENT
Edition statement rev. ed.
260 ## - PUBLICATION, DISTRIBUTION, ETC. (IMPRINT)
Place of publication, distribution, etc New Delhi
Name of publisher, distributor, etc D.K. Printworld
Date of publication, distribution, etc 2007
270 ## - ADDRESS
Electronic mail address dkprintworld@vsnl.net
Address `Sri Kunj', F-32, Bali Nagar,
City New Delhi
Postal code 110 015
300 ## - PHYSICAL DESCRIPTION
Extent xvii, 304p.:
Dimensions 23 cm ( Hb)
Other physical details col.plates, b&w photos & line drawings
500 ## - GENERAL NOTE
General note Includes bibliographical references and index
650 ## - SUBJECT ADDED ENTRY--TOPICAL TERM
Topical term or geographic name as entry element Mandala
942 ## - ADDED ENTRY ELEMENTS (KOHA)
Institution code [OBSOLETE] dpl
Koha item type English Books
Call number prefix 230.64 / BUH
Holdings
Withdrawn status Lost status Source of classification or shelving scheme Damaged status Not for loan Collection code Home library Current library Source of acquisition Cost, normal purchase price Total Checkouts Full call number Barcode Date last seen Copy number Uniform Resource Identifier Cost, replacement price Price effective from Koha item type
    Dewey Decimal Classification   Not For Loan Non-fiction D.B.Act.Division D.B.Act.Division DBAD/PUB 800.00   230.64 BUH EN-72616 15/09/2008 1 10970 800.00 15/09/2008 English Books

© Delhi Public Library
Hit Counter
free hit counter